All the Geography I know by Letter-R - Statistics

General Stats
  • This quiz has been taken 62 times
  • The average score is 18 of 30
Answer Stats
Hint Answer % Correct
Capital of Italy Rome
98%
World's largest country by size Russia
98%
Capital of Iceland Reykjavik
94%
German River Rhine
93%
City in Brazil(Full name) Rio de Janeiro
91%
Capital of Morocco Rabat
89%
Country in Africa Rwanda
89%
Capital of Latvia Riga
87%
Capital of Saudi Arabia Riyadh
83%
Country on the Balkan Peninsula Romania
83%
City in the Netherlands Rotterdam
81%
State in New England Rhode Island
76%
River in France Rhone
74%
City in Nevada Reno
72%
Capital of Virginia Richmond
69%
Capital of North Carolina Raleigh
67%
City in France Rouen
50%
City in that country Rostov
48%
City in Brazil Recife
41%
City in France Rennes
41%
City in New York/Minnesota Rochester
39%
City in Italy Ravenna
37%
City in Pakistan Rawalpindi
37%
City in California Riverside
33%
City in Croatia Rijeka
26%
City in Australia Rockhampton
17%
Brazilian Province Roraima
13%
Another city in that country Ryazan
13%
One of the Cook Islands Rarotonga
11%
City in Poland Radom
7%
No matching quizzes found
Score Distribution
Percent of People with Each Score
Percentile by Number Answered
Your Score History
You have not taken this quiz